Normal view
MARC view
- NETWORK SECURITY:A BEGINNER'S GUIDE. NETWORK SECURITY:INFORMATION SECURITY BASICS.HACKER TECHNIQUES.INFORMATION SECURITY SERVICES.NETWORK SECURITY TECHNOLOGY
Entry Topical Term
001 - CONTROL NUMBER
- control field: 68844
003 - CONTROL NUMBER IDENTIFIER
- control field: NUST
005 - DATE AND TIME OF LATEST TRANSACTION
- control field: 20210628204124.0
008 - FIXED-LENGTH DATA ELEMENTS
- fixed length control field: 210628|| aca||aabn | a|a d
040 ## - CATALOGING SOURCE
- Original cataloging agency: NUST
- Transcribing agency: NUST
150 ## - HEADING--TOPICAL TERM
- Topical term or geographic name entry element: NETWORK SECURITY:A BEGINNER'S GUIDE. NETWORK SECURITY:INFORMATION SECURITY BASICS.HACKER TECHNIQUES.INFORMATION SECURITY SERVICES.NETWORK SECURITY TECHNOLOGY
670 ## - SOURCE DATA FOUND
- Source citation: Work cat.: (NUST): Maiwald, Eric 68843, Network security:a beginner's guide, 2013
